<?xml version="1.0" encoding="UTF-8"?><?xml-stylesheet type="text/xsl" href="static/style.xsl"?><OAI-PMH xmlns="http://www.openarchives.org/OAI/2.0/" xmlns:xsi="http://www.w3.org/2001/XMLSchema-instance" xsi:schemaLocation="http://www.openarchives.org/OAI/2.0/ http://www.openarchives.org/OAI/2.0/OAI-PMH.xsd"><responseDate>2026-04-14T04:39:14Z</responseDate><request verb="GetRecord" identifier="oai:www.recercat.cat:2072/425011" metadataPrefix="marc">https://recercat.cat/oai/request</request><GetRecord><record><header><identifier>oai:recercat.cat:2072/425011</identifier><datestamp>2025-09-09T18:38:50Z</datestamp><setSpec>com_2072_98</setSpec><setSpec>col_2072_378197</setSpec></header><metadata><record xmlns="http://www.loc.gov/MARC21/slim" xmlns:dcterms="http://purl.org/dc/terms/" xmlns:xsi="http://www.w3.org/2001/XMLSchema-instance" xmlns:doc="http://www.lyncode.com/xoai" xsi:schemaLocation="http://www.loc.gov/MARC21/slim http://www.loc.gov/standards/marcxml/schema/MARC21slim.xsd">
   <leader>00925njm 22002777a 4500</leader>
   <datafield ind2=" " ind1=" " tag="042">
      <subfield code="a">dc</subfield>
   </datafield>
   <datafield ind2=" " ind1=" " tag="720">
      <subfield code="a">Martínez Rodríguez, Susana</subfield>
      <subfield code="e">author</subfield>
   </datafield>
   <datafield ind2=" " ind1=" " tag="720">
      <subfield code="a">Vidal Coso, Elena</subfield>
      <subfield code="e">author</subfield>
   </datafield>
   <datafield ind2=" " ind1=" " tag="260">
      <subfield code="c">2006</subfield>
   </datafield>
   <datafield ind2=" " ind1=" " tag="520">
      <subfield code="a">El objetivo de este artículo es aportar elementos que ayuden a definir un completo perfil de la mujer inmigrante en Italia. La elección del caso italiano está avalada por su significación dentro de los nuevos países destino de inmigración de la Europa Mediterránea. La reciente feminización de los flujos inmigratorios ha sido un aspecto presente desde un primer momento en el caso italiano, pues ya las primeras inmigrantes provenientes de las antiguas colonias en los años setenta eran sobre todo mujeres que acudían a desempeñar actividades domésticas. A través de los datos del Censimento 2001 hemos realizado un análisis demográfico de los rasgos destacados de la mujer inmigrante en su conjunto y también de cada una de las 10 naciones con más presencia en Italia.</subfield>
   </datafield>
   <datafield ind2=" " ind1=" " tag="520">
      <subfield code="a">L'objectiu d'aquest article és aportar elements que ajudin a definir un perfil complet de la dona immigrant a Itàlia. L'elecció del cas Itàlia està avalada per la seva significació dins dels nous països destí d'immigració de l'Europa Mediterrània. La recent feminització dels fluxes migratoris ha estat un aspecte present des de un primer moment en el cas italià. Les primeres immigrants provinents de les antigues colònies en els anys setanta ja eren, sobretot, dones que acudien a desenvolupar activitats domèstiques. A través de les dades del Censimento 2001 hem realitzat una anàlisi demogràfica dels trets destacats de la dona immigrant en el seu conjunt i també de cada una de les 10 nacions amb més presència a Itàlia.</subfield>
   </datafield>
   <datafield ind2=" " ind1=" " tag="520">
      <subfield code="a">This article aims to contribute elements that help to define a complete profile of the woman immigrant in Italy. The Italian case is very significative among the new immigration countries destiny of Mediterranean Europe. The recent feminization of the immigratory flows has been a characteristic presented from the first moment in the Italian case. The first immigrants that came from the old colonies in the Seventies were mainly women who went to carry out household activities. Through Censimento 2001 data we have made a demographic analysis of the outstanding characteristics of the woman immigrant, as a whole and also of each one of the 10 nations with more presence in Italy. Feminització de la immigració, Itàlia, cens del 2001.</subfield>
   </datafield>
   <datafield tag="653" ind2=" " ind1=" ">
      <subfield code="a">Feminización de la inmigración</subfield>
   </datafield>
   <datafield tag="653" ind2=" " ind1=" ">
      <subfield code="a">Italia</subfield>
   </datafield>
   <datafield tag="653" ind2=" " ind1=" ">
      <subfield code="a">Censo del 2001</subfield>
   </datafield>
   <datafield tag="653" ind2=" " ind1=" ">
      <subfield code="a">Feminització de la immigració</subfield>
   </datafield>
   <datafield tag="653" ind2=" " ind1=" ">
      <subfield code="a">Itàlia</subfield>
   </datafield>
   <datafield tag="653" ind2=" " ind1=" ">
      <subfield code="a">Cens del 2001</subfield>
   </datafield>
   <datafield tag="653" ind2=" " ind1=" ">
      <subfield code="a">Migration feminization</subfield>
   </datafield>
   <datafield tag="653" ind2=" " ind1=" ">
      <subfield code="a">Italy</subfield>
   </datafield>
   <datafield tag="653" ind2=" " ind1=" ">
      <subfield code="a">Census of 2001</subfield>
   </datafield>
   <datafield tag="653" ind2=" " ind1=" ">
      <subfield code="a">Féminisation de la migration</subfield>
   </datafield>
   <datafield tag="653" ind2=" " ind1=" ">
      <subfield code="a">Italie</subfield>
   </datafield>
   <datafield tag="653" ind2=" " ind1=" ">
      <subfield code="a">Recensement de 2001</subfield>
   </datafield>
   <datafield ind2="0" ind1="0" tag="245">
      <subfield code="a">Mujeres inmigrantes en Italia : la imagen ofrecida por el censimento 2001</subfield>
   </datafield>
</record></metadata></record></GetRecord></OAI-PMH>